Catalog

Record Details

Catalog Search



Curious George : the donut delivery  Cover Image Book Book

Curious George : the donut delivery / adaptation by Monica Perez ; based on the TV series teleplay written by Joe Fallon.

Rey, Margret, 1906-1996 (creator.). Fallon, Joe. (Added Author).

Summary:

George is headed to the donut shop, and this little monkey is hungry! When George adds a few extra zeroes to his donut order he's in for more treats than he bargained for!

Record details

  • ISBN: 9780618737574
  • ISBN: 061873757X
  • ISBN: 9781428707634
  • ISBN: 1428707638
  • ISBN: 1435201868
  • ISBN: 9781435201866
  • Physical Description: 24 unnumbered pages : color illustrations ; 21 cm
  • Publisher: Boston, Massachusetts, USA : Houghton Mifflin Company, 2006.
  • Distributor: Milwaukee, Wisconsin, USA : Penworthy, 2006.
Subject: Curious George (Fictitious character) > Juvenile fiction.
Monkeys > Fiction.
Doughnuts > Fiction.
Mathematics > Fiction.
Genre: Fiction.
Juvenile works.
Fiction.
Novels.

Available copies

  • 2 of 2 copies available at scottsboropl.

Holds

  • 0 current holds with 2 total copies.
Show Only Available Copies
Location Call Number / Copy Notes Barcode Shelving Location Status Due Date
scottsboropl E Rey 32269000783210 Juvenile - Easy Available -
scottsboropl E Rey 32269001094062 Storage - Juvenile Available -

LDR 01021cam a22002538a 4500
001129545
003SBPL
00520140703073305.0
008060103s2006 mau j 000 1 eng
010 . ‡a 2005038070
020 . ‡a9780618737574 ‡q(pbk. ; ‡qalk. paper)
020 . ‡a061873757X ‡q(pbk. ; ‡qalk. paper)
020 . ‡a9781428707634
020 . ‡a1428707638
020 . ‡a1435201868
020 . ‡a9781435201866
035 . ‡a(CONS)129545
035 . ‡a(CPomAG)LMN499174
05000. ‡aPZ7.P42583 ‡bCus 2006
08214. ‡a[E] ‡214
1001 . ‡aRey, Margret, ‡d1906-1996, ‡ecreator.
24510. ‡aCurious George : ‡bthe donut delivery / ‡cadaptation by Monica Perez ; based on the TV series teleplay written by Joe Fallon.
2463 . ‡aDonut delivery
264 1. ‡aBoston, Massachusetts, USA : ‡bHoughton Mifflin Company, ‡c2006.
264 2. ‡aMilwaukee, Wisconsin, USA : ‡bPenworthy, ‡c2006.
300 . ‡a24 unnumbered pages : ‡bcolor illustrations ; ‡c21 cm
336 . ‡atext ‡btxt ‡2rdacontent
337 . ‡aunmediated ‡bn ‡2rdamedia
338 . ‡avolume ‡bnc ‡2rdacarrier
520 . ‡aGeorge is headed to the donut shop, and this little monkey is hungry! When George adds a few extra zeroes to his donut order he's in for more treats than he bargained for!
60000. ‡aCurious George ‡c(Fictitious character) ‡vJuvenile fiction.
650 1. ‡aMonkeys ‡vFiction.
650 1. ‡aDoughnuts ‡vFiction.
650 1. ‡aMathematics ‡vFiction.
655 7. ‡aFiction.
655 7. ‡aJuvenile works.
655 7. ‡aFiction. ‡2lcgft
655 7. ‡aNovels. ‡2lcgft
7001 . ‡aFallon, Joe.
901 . ‡a129545 ‡bUnknown ‡c129545 ‡tbiblio

Additional Resources